<?xml version="1.0" encoding="UTF-8"?>
<record
    xmlns:xsi="http://www.w3.org/2001/XMLSchema-instance"
    xsi:schemaLocation="http://www.loc.gov/MARC21/slim http://www.loc.gov/standards/marcxml/schema/MARC21slim.xsd"
    xmlns="http://www.loc.gov/MARC21/slim">

  <leader>01155nam a2200253 a 4500</leader>
  <controlfield tag="001">BRL_1086</controlfield>
  <controlfield tag="005">20190320211028.0</controlfield>
  <controlfield tag="008">081113m19621974mx-ao#####---#000-0#spa-#</controlfield>
  <datafield tag="041" ind1=" " ind2=" ">
    <subfield code="a">spa</subfield>
  </datafield>
  <datafield tag="044" ind1=" " ind2=" ">
    <subfield code="a">mx</subfield>
  </datafield>
  <datafield tag="050" ind1=" " ind2="4">
    <subfield code="a">N6550</subfield>
    <subfield code="b">.H57 1962</subfield>
  </datafield>
  <datafield tag="245" ind1="1" ind2="0">
    <subfield code="a">Historia general del arte mexicano</subfield>
  </datafield>
  <datafield tag="260" ind1=" " ind2=" ">
    <subfield code="a">M&#xE9;xico</subfield>
    <subfield code="b">Editorial Hermes</subfield>
    <subfield code="c">1962-19674</subfield>
  </datafield>
  <datafield tag="300" ind1=" " ind2=" ">
    <subfield code="a">6 v.</subfield>
    <subfield code="b">il. algunas a color</subfield>
    <subfield code="c">29 cm.</subfield>
  </datafield>
  <datafield tag="500" ind1=" " ind2=" ">
    <subfield code="a">v.1 Au1234, v.2 Au1233, v.3 Au1232, v.4 Au1231, v.5 Au1229, v. 6 Au1230.</subfield>
  </datafield>
  <datafield tag="500" ind1=" " ind2=" ">
    <subfield code="a">vol.3 Contiene fe de erratas, Vol.5 contiene dedicatoria para Ruth Lechuga.</subfield>
  </datafield>
  <datafield tag="505" ind1="0" ind2=" ">
    <subfield code="a">Contenido: v.1 &#xC9;poca prehisp&#xE1;nica / Ra&#xFA;l Flores Guerrero - v.2 &#xC9;poca colonial / Pedro Rojas - v.3 &#xC9;poca moderna y contempor&#xE1;nea - v.4 Etno-artesan&#xED;as y arte pupular - v.5 Indumentaria tradicional ind&#xED;gena / Electra L. Momprad&#xE9; y Tonati&#xFA;h Guti&#xE9;rrez - v.6 Danzas y bailes populares / Electra L. Momprad&#xE9; y Tonati&#xFA;h Guti&#xE9;rrez.</subfield>
  </datafield>
  <datafield tag="650" ind1="1" ind2="4">
    <subfield code="a">Arte mexicano</subfield>
    <subfield code="x">Historia</subfield>
    <subfield code="9">4535</subfield>
  </datafield>
  <datafield tag="650" ind1="1" ind2="4">
    <subfield code="a">Arte popular</subfield>
    <subfield code="z">M&#xE9;xico</subfield>
    <subfield code="9">882</subfield>
  </datafield>
  <datafield tag="650" ind1="1" ind2="4">
    <subfield code="a">Indumentaria</subfield>
    <subfield code="z">M&#xE9;xico</subfield>
    <subfield code="9">808</subfield>
  </datafield>
  <datafield tag="650" ind1="1" ind2="4">
    <subfield code="a">Danzas populares y nacionales</subfield>
    <subfield code="z">M&#xE9;xico</subfield>
    <subfield code="9">25772</subfield>
  </datafield>
  <datafield tag="902" ind1=" " ind2=" ">
    <subfield code="a">GRL</subfield>
  </datafield>
  <datafield tag="942" ind1=" " ind2=" ">
    <subfield code="2">lcc</subfield>
    <subfield code="c">B</subfield>
  </datafield>
  <datafield tag="999" ind1=" " ind2=" ">
    <subfield code="c">9898</subfield>
    <subfield code="d">9898</subfield>
  </datafield>
  <datafield tag="952" ind1=" " ind2=" ">
    <subfield code="0">0</subfield>
    <subfield code="1">0</subfield>
    <subfield code="4">0</subfield>
    <subfield code="7">0</subfield>
    <subfield code="a">BRL</subfield>
    <subfield code="b">BRL</subfield>
    <subfield code="d">2013-11-08</subfield>
    <subfield code="l">0</subfield>
    <subfield code="o">N6550 .H57 1962</subfield>
    <subfield code="p">GRL01181</subfield>
    <subfield code="r">2019-03-22 00:00:00</subfield>
    <subfield code="w">2019-03-22</subfield>
    <subfield code="y">B</subfield>
  </datafield>
  <datafield tag="952" ind1=" " ind2=" ">
    <subfield code="0">0</subfield>
    <subfield code="1">0</subfield>
    <subfield code="4">0</subfield>
    <subfield code="7">0</subfield>
    <subfield code="a">BRL</subfield>
    <subfield code="b">BRL</subfield>
    <subfield code="d">2015-10-16</subfield>
    <subfield code="l">0</subfield>
    <subfield code="o">N6550 .H57 1962</subfield>
    <subfield code="p">GRL01182</subfield>
    <subfield code="r">2019-03-22 00:00:00</subfield>
    <subfield code="w">2019-03-22</subfield>
    <subfield code="y">B</subfield>
  </datafield>
  <datafield tag="952" ind1=" " ind2=" ">
    <subfield code="0">0</subfield>
    <subfield code="1">0</subfield>
    <subfield code="4">0</subfield>
    <subfield code="7">0</subfield>
    <subfield code="a">BRL</subfield>
    <subfield code="b">BRL</subfield>
    <subfield code="d">2015-10-16</subfield>
    <subfield code="l">0</subfield>
    <subfield code="o">N6550 .H57 1962</subfield>
    <subfield code="p">GRL01183</subfield>
    <subfield code="r">2019-03-22 00:00:00</subfield>
    <subfield code="w">2019-03-22</subfield>
    <subfield code="y">B</subfield>
  </datafield>
  <datafield tag="952" ind1=" " ind2=" ">
    <subfield code="0">0</subfield>
    <subfield code="1">0</subfield>
    <subfield code="4">0</subfield>
    <subfield code="7">0</subfield>
    <subfield code="a">BRL</subfield>
    <subfield code="b">BRL</subfield>
    <subfield code="d">2015-10-16</subfield>
    <subfield code="l">0</subfield>
    <subfield code="o">N6550 .H57 1962</subfield>
    <subfield code="p">GRL01184</subfield>
    <subfield code="r">2019-03-22 00:00:00</subfield>
    <subfield code="w">2019-03-22</subfield>
    <subfield code="y">B</subfield>
  </datafield>
  <datafield tag="952" ind1=" " ind2=" ">
    <subfield code="0">0</subfield>
    <subfield code="1">0</subfield>
    <subfield code="4">0</subfield>
    <subfield code="7">0</subfield>
    <subfield code="a">BRL</subfield>
    <subfield code="b">BRL</subfield>
    <subfield code="d">2015-10-16</subfield>
    <subfield code="l">0</subfield>
    <subfield code="o">N6550 .H57 1962</subfield>
    <subfield code="p">GRL01185</subfield>
    <subfield code="r">2019-03-22 00:00:00</subfield>
    <subfield code="w">2019-03-22</subfield>
    <subfield code="y">B</subfield>
  </datafield>
  <datafield tag="952" ind1=" " ind2=" ">
    <subfield code="0">0</subfield>
    <subfield code="1">0</subfield>
    <subfield code="4">0</subfield>
    <subfield code="7">0</subfield>
    <subfield code="a">BRL</subfield>
    <subfield code="b">BRL</subfield>
    <subfield code="d">2015-10-16</subfield>
    <subfield code="l">0</subfield>
    <subfield code="o">N6550 .H57 1962</subfield>
    <subfield code="p">GRL01186</subfield>
    <subfield code="r">2019-03-22 00:00:00</subfield>
    <subfield code="w">2019-03-22</subfield>
    <subfield code="y">B</subfield>
  </datafield>
</record>
